Tribù germaniche e celte citate in Praetorians - Statistics

Statistiche generali
  • Questo quiz è stato fatto 5 volte
  • Il punteggio medio è 6 su 17
Statistiche sulle risposte
Risposta % Corretto
Elvezi
100%
Boii
67%
Atrebati
33%
Avernii
33%
Cantiacum
33%
Catuvellauni
33%
Eburoni
33%
Edui
33%
Suevi
33%
Teneteri del nord
33%
Teneteri del sud
33%
Trinovantes
33%
Turingi
33%
Unipeti del nord
33%
Unipeti del sud
33%
Nervi
0%
Treveri
0%
Nessun quiz corrispondente trovato
Distribuzione punteggi
Percentuale di utenti per punteggio
Percentile per numero di risposta
I tuoi punteggi nel tempo
Non hai fatto questo quiz